Zprávy MOS. Roč. 47, 1989
| Format: | Book |
|---|---|
| Language: | Undetermined |
| Published: |
Praha
Okresní vlastivědné muzeum
1989
|
MARC
| LEADER | 00000nam a2200000 a 4500 | ||
|---|---|---|---|
| 001 | vtls001322811 | ||
| 003 | SK-MaSNL | ||
| 005 | 20260223125253.0 | ||
| 008 | 210928s1989 xx 0 und | ||
| 035 | |a SNK000275493 | ||
| 040 | |a SNK |b slo |c SNK |e AACR2 | ||
| 245 | 1 | |a Zprávy MOS. Roč. 47, 1989 | |
| 260 | |a Praha |b Okresní vlastivědné muzeum |c 1989 | ||
| 958 | |a OND | ||
| 999 | |c 545267 |d 547197 | ||
| 952 | |t P60, <06>, [BOOK], {606} |a SNK |b SNK |y PREZ |7 0 |p 17A0126497 |o snkČD 1134/47/1989 |0 0 |1 1 |4 0 |d 1998-03-02 |l 0 |r 2005-01-02 00:00:00 |w 2026-02-23 | ||


